[Event "Ambelokipi op 161th"]
[Site "Athens"]
[Date "2016.12.07"]
[Round "5"]
[White "Nikolaou, Spyridon"]
[Black "Delithanasis, Dimitrios"]
[Result "1-0"]
[WhiteElo "2118"]
[BlackElo "2017"]
[PlyCount "73"]
[EventDate "2016.11.09"]
[EventType "swiss"]
[EventRounds "7"]
[EventCountry "GRE"]
[SourceTitle "EXT 2024"]
[Source "ChessBase"]
[SourceDate "2023.10.10"]
[SourceVersion "1"]
[SourceVersionDate "2023.10.10"]
[SourceQuality "1"]

1. d4 d5 2. c4 e6 3. Nc3 f5 4. Bf4 Nf6 5. e3 c6 6. Qc2 Be7 7. Nf3 0-0 8. Bd3 Ne4 9. g4 Na6 10. a3 Nc7 11. gxf5 exf5 12. Bxc7 Qxc7 13. cxd5 Nxc3 14. Qxc3 Bd6 15. Rc1 Bd7 16. Ne5 Rac8 17. f4 Be8 18. Qb3 Kh8 19. Rc3 Qe7 20. h4 Bh5 21. Qc2 g6 22. Be2 Rc7 23. dxc6 bxc6 24. Nxc6 Rxc6 25. Rxc6 Qxe3 26. Qd3 Qxf4 27. Bxh5 gxh5 28. Rf1 Qxh4+ 29. Kd1 Rd8 30. Kc2 Be5 31. Rc4 f4 32. Qf5 Bd6 33. Rc8 Qe7 34. Rxd8+ Qxd8 35. Re1 Bf8 36. Qf7 Qd6 37. Rg1 1-0